| 000 | 00563cam a2200205ua 4500 | ||
|---|---|---|---|
| 001 | 1782 | ||
| 008 | 110719n ii |||gr||||Z||||||eng | ||
| 040 | _cMAIN | ||
| 100 |
_aSharma, Tarun, _eAuthor. |
||
| 245 | 1 |
_aShikshatattva prarambhika _cby Tarun Sharma |
|
| 250 | _a2nd. | ||
| 260 |
_aDibrugarh: _bDibrugarh university,973. |
||
| 300 |
_a176p: _c23cm. |
||
| 653 | _aEducation | ||
| 653 | _aShikshatattva prarambhika | ||
| 700 |
_aBaruah, Prasanna Kr., _eAuthor. |
||
| 700 |
_aSharma, Haren, _eAuthor. |
||
| 700 |
_aGoswami, Hareswar, _eAuthor. |
||
| 942 | _cBK | ||
| 999 |
_c1666 _d1666 |
||